LEADER 00701nab a2200157 i 4500 001 000000274112 003 CaOOAMICUS 005 20101111000000.0 008 101111n xx uu u0 0und r 013 $a22572 040 $aSeMil$bita 100 1 $aBarigozzi, Claudio <1909-1996>.$0(OLS)http://semarc/name/15869 245 13$aLo studio degli spodogrammi dei cromosomi. - P. [333]-349, con dodici tavole fuori testo. - Contiene :$bBibliografia. 500 $a1947/9. 773 0 $t[1937].$dIn Civitate Vaticana : Ex Aedibus Academicis, 1937.$w()132416 996 $6245$aLo studio degli spodogrammi dei cromosomi. - P. [333]-349, con dodici tavole fuori testo. - Contiene :$bBibliografia.$9(OLS)http://semarc/title/360917 LEADER 01185nam a2200265 i 4500 001 000000233794 003 CaOOAMICUS 005 20140925000000.0 008 140925s1905 it u000 u ita u 013 $a212697 040 $aSeMil$bita 100 1 $aAdler, Giuseppe.$0(OLS)http://semarc/name/80163 245 10$aEsercizi di traduzione e letture tedesche, con vocabolario a compimento della grammatica /$cdel prof. Giuseppe Adler. 250 $a3. ed. 260 $aMilano :$bUlrico Hoepli,$c1905. 300 $aVIII, 244, 64 p. ;$c16 cm. 490 0 $aManuali Hoepli ;$v153 490 0 $aManuali Hoepli. Serie scientifica 650 4$aLingua tedesca - Grammatica.$0(OLS)http://semarc/subject/16431 830 0$aManuali Hoepli ;$v153.$0(OLS)http://semarc/title/7639 830 0$aManuali Hoepli. Serie scientifica.$0(OLS)http://semarc/title/12258 850 $aSeMil 852 $aSeMil$W1$xVenegono$y1$m2ZB II 21 FA$j184140$B184140$CSeMilBibl$Z2$F194967 $8I 996 $6245$aEsercizi di traduzione e letture tedesche, con vocabolario a compimento della grammatica$9(OLS)http://semarc/title/333687 996 $6260$aMilano :$bUlrico Hoepli$9(OLS)http://semarc/publisher/29765